Addition with 34 up to 34 - Statistics

General Stats
  • This quiz has been taken 23 times
  • The average score is 31 of 35
Answer Stats
Addition Answer % Correct
34+0 34
100%
34+1 35
100%
34+2 36
100%
34+3 37
100%
34+4 38
100%
34+5 39
100%
34+6 40
95%
34+7 41
95%
34+8 42
95%
34+9 43
95%
34+10 44
95%
34+11 45
95%
34+12 46
95%
34+13 47
95%
34+14 48
95%
34+15 49
95%
34+16 50
95%
34+17 51
90%
34+18 52
90%
34+19 53
90%
34+20 54
90%
34+21 55
90%
34+22 56
90%
34+23 57
81%
34+24 58
81%
34+25 59
81%
34+26 60
76%
34+27 61
76%
34+28 62
76%
34+29 63
76%
34+30 64
76%
34+31 65
76%
34+32 66
71%
34+33 67
71%
34+34 68
71%
No matching quizzes found
Score Distribution
Percent of People with Each Score
Percentile by Number Answered
Your Score History
You have not taken this quiz